Detalles MARC
| 000 -LIDER |
| fixed length control field |
00821nam a2200313 4500 |
| 001 - NÚMERO DE CONTROL |
| Identificador de número de control |
01308900 |
| 003 - IDENTIFICACDOR DE NÚMERO DE CONTROL |
| control field |
DO-SdBNP |
| 005 - DATE AND TIME OF LATEST TRANSACTION |
| control field |
20180206103329.0 |
| 007 - CAMPOS FIJOS DE DESCRIPCIÓN FÍSICA |
| fixed length control field |
01308900 |
| 008 - ELEMENTOS DE LONGITUD FIJA |
| fixed length control field |
990826s1998 sp | ||| ||ast |
| 016 7# - NO. DE CONTROL DE LA AGENCIA BIB. NACIONAL |
| Record control number |
|
| Source |
BPMSU |
| 017 ## - NÚMERO DE REGISTRO DE DERECHOS DE AUTOR |
| Copyright or legal deposit number |
AS 2159-1998 |
| Assigning agency |
|
| 020 ## - ISBN |
| International Standard Book Number |
9687723106 |
| 035 ## - NÚMERO LOCAL |
| System control number |
|
| 040 ## - FUENTE DE CATALOGACIÓN |
| Agencia que crea de manera original el registro |
BPMUS |
| Idioma de catalogación |
spa |
| Agencia que realiza la transcripción |
BPMSU |
| Convenciones de la despripción |
|
| 041 1# - CÓDIGOS DE OBRAS TRADUCIDAS O EN VARIOS IDIOMAS |
| Código del idioma del texto/archivo de sonido o separata |
spa |
| Cód. del idioma original y/o traducciones intermedias del texto |
|
| 080 #0 - NÚMERO DE CLASIFICACIÓN DECIMAL UNIVERSAL |
| Universal Decimal Classification number |
|
| 100 1# - ASIENTO PRINCIPAL -- NOMBRE PERSONAL |
| Nombre personal |
Sepúlveda, Luis |
| Fechas asociadas con el nombre |
1949- |
| 240 13 - TITULO UNIFORME |
| Idioma de una obra |
|
| 245 13 - MENCIÓN DE TITULO |
| Título |
Un viejo que leía novelas de amor / |
| Mención de responsabilidad |
Luis Sepúlveda ; traducción, Pilar F. Pravia |
| Medio (Designación general de material) |
|
| Subtítulo |
|
| 250 ## - MENCIÓN DE EDICION |
| Mención de edición |
|
| 260 ## - PUBLICACIÓN, DISTRIBUCIÓN, ETC. (PIE DE IMPRENTA) |
| Lugar de publicación, distribución, etc |
México : |
| Nombre del editor, distribuidor, etc. |
Tusquets, |
| Fecha de publicación, distribución, etc |
1989 |
| 300 ## - DESCRIPCIÓN FÍSICA |
| Extensión |
137 p.: |
| Dimensiones |
22 cm |
| 490 ## - MENCIÓN DE SERIES |
| Mención de serie |
Andanzas |
| Volume/sequential designation |
180 |
| 830 ## - ASIENTO SECUNDARIO DE SERIE--TÍTULO UNIFORME |
| Título uniforme |
Andanzas |
| Nombre de la parte o sección de una obra |
|
| Volume number/sequential designation |
180 |
| 942 ## - ADDED ENTRY ELEMENTS (KOHA) |
| Source of classification or shelving scheme |
Dewey Decimal Classification |
| Koha item type |
Libros |
| 945 ## - INFORMACIÓN DE PROCESAMIENTO LOCAL |
| Información de procesamiento local |
inventariado, 2018 / dg |
| 956 ## - LOCAL ELECTRONIC LOCATION AND ACCESS (OCLC) |
| Nombre de host |
VMATEO |
| Método de acceso |
10 |
| Materiales especificados |
20160330 |
| Enlace |
BPMSU |
| Campo enlazado y núm. de secuencia |
0069 |